Most Expensive Footballers Per Country: Europe Part 3 - Statistics

General Stats
  • This quiz has been taken 72 times
  • The average score is 13 of 27
Answer Stats
Country Season From To Player Transfer Fee % Correct
Bosnia 2010/11 VfL Wolfsburg Manchester City Edin Dzeko € 37.000.000,00
98%
Ukraine 2006/07 AC Milan Chelsea Andriy Shevchenko € 43.300.000,00
96%
Turkey 2015/16 Atlético Madrid FC Barcelona Arda Turan € 34.000.000,00
96%
Slovakia 2007/08 Zenit Liverpool Martin Skrtel € 10.000.000,00
93%
Bosnia 2016/17 AS Roma Juventus Miralem Pjanic € 32.000.000,00
86%
Bosnia 2015/16 Stoke City Chelsea Asmir Begovic € 11.000.000,00
81%
Turkey 2014/15 HSV Bayer 04 Leverkusen Hakan Calhanoglu € 14.500.000,00
77%
Slovakia 2007/08 Brescia SSC Napoli Marek Hamsik € 5.500.000,00
75%
Turkey 2011/12 Borussia Dortmund Real Madrid Nuri Sahin € 10.000.000,00
75%
Northern Ireland 2015/16 Manchester United West Brom Jonny Evans € 8.300.000,00
63%
Austria 2010/11 FC Twente Werder Bremen Marko Arnautovic € 6.200.000,00
47%
Hungary 2013/14 FSV Mainz 05 FC Schalke 04 Ádám Szalai € 8.000.000,00
44%
Austria 2016/17 Dynamo Kyiv Bayer 04 Leverkusen Aleksandar Dragovic € 18.000.000,00
40%
Hungary 2011/12 Anzhi Dynamo Moscow Balász Dzsudzsák € 19.000.000,00
39%
Ukraine 2009/10 Shakhtar Donetsk FC Barcelona Dmytro Chygrynskiy € 25.000.000,00
35%
Ukraine 2000/01 Dynamo Kyiv Tottenham Hotspur Sergiy Rebrov € 18.000.000,00
32%
Austria 2010/11 Red Bull Salzburg FC Twente Marc Janko € 7.000.000,00
30%
Northern Ireland 2016/17 Manchester United Sunderland Paddy McNair € 5.250.000,00
28%
Turkey 2016/17 FSV Mainz 05 VfL Wolfsburg Yunus Malli € 12.500.000,00
28%
Slovakia 2010/11 Chelsea Fenerbahce Miroslav Stoch € 5.500.000,00
26%
Northern Ireland 2007/08 Aston Villa Fulham Steven Davis € 5.900.000,00
23%
Austria 2016/17 Red Bull Salzburg FC Augsburg Martin Hinteregger € 10.000.000,00
19%
Northern Ireland 2000/01 Leicester City Celtic Neil Lennon € 8.630.000,00
18%
Bosnia 1999/00 Fenerbahce Real Madrid Elvir Baljic € 15.600.000,00
14%
Slovakia 2001/02 Inter Bratislava Middlesbrough Szilard Nemeth € 6.750.000,00
12%
Northern Ireland 2008/09 West Ham United Sunderland George McCartney € 5.500.000,00
11%
Hungary 1988/89 Eintracht Frankfurt Olympiacos Lajos Détári € 8.700.000,00
11%
No matching quizzes found
Score Distribution
Percent of People with Each Score
Percentile by Number Answered
Your Score History
You have not taken this quiz